Карманный справочник по фотографии (Запись № 6391846)

Подробности
000 -МАРКЕР
контрольное поле 01611nam0a22003011 4500
001 - ИДЕНТИФИКАТОР ЗАПИСИ
контрольное поле v19\rc\1913603
005 - ИДЕНТИФИКАТОР ВЕРСИИ
контрольное поле 20251118180608.6
035 ## - ДРУГИЕ СИСТЕМНЫЕ НОМЕРА
Идентификатор записи (NLR Aleph) 005001540
100 ## - ДАННЫЕ ОБЩЕЙ ОБРАБОТКИ
Данные общей обработки 20080404d1911 |||y0rusy50 ca
101 1# - ЯЗЫК РЕСУРСА
Язык текста, звукозаписи и т.д. русский
Язык оригинала немецкий
102 ## - СТРАНА ПУБЛИКАЦИИ ИЛИ ПРОИЗВОДСТВА
Страна публикации Российская Федерация
105 ## - ПОЛЕ КОДИРОВАННЫХ ДАННЫХ: ТЕКСТОВЫЕ МАТЕРИАЛЫ, МОНОГРАФИЧЕСКИЕ
Кодированные данные о монографическом текстовом документе a g |||||
200 1# - ЗАГЛАВИЕ И СВЕДЕНИЯ ОБ ОТВЕТСТВЕННОСТИ
Основное заглавие Карманный справочник по фотографии
Сведения, относящиеся к заглавию Руководство для любителей
-- Пер. с 21/22 нем. изд.
Первые сведения об ответственности Д-р Э. Фогель
Последующие сведения об ответственности Обраб. П. Ганнеке
-- Под общ. ред. и с доп. Ю.К. Лауберта
210 ## - ПУБЛИКАЦИЯ, РАСПРОСТРАНЕНИЕ И ДР.
Место издания, распространения и т.д. Москва
Имя издателя, распространителя и т. д. т-во И.Д. Сытина
Дата издания, распространения и т.д. 1911
215 ## - ФИЗИЧЕСКАЯ ХАРАКТЕРИСТИКА
Специфическое обозначение материала и объем VIII, 328 с., 140 ил., 16 л. ил.
Размеры 17
311 ## - ПРИМЕЧАНИЯ, ОТНОСЯЩИЕСЯ К ПОЛЯМ СВЯЗИ (ПРИМЕЧАНИЯ О СВЯЗИ С ДРУГИМИ ПРОИЗВЕДЕНИЯМИ (ИЗДАНИЯМИ))
Текст примечания Фогель, Эрнст, Лауберт, Ю. К.. Приложение к Карманному справочнику по фотографии Э. Фогеля и Ю.К. Лауберта, [191-?] (шифр: 38.58.3.22)
421 #0 - ПРИЛОЖЕНИЕ
Встроенное поле 1011#$arus$cger
-- 2001#$aПриложение к Карманному справочнику по фотографии Э. Фогеля и Ю.К. Лауберта
-- 210##$d[191-?]
-- 215##$a[1] с., 23 л. ил.
-- 700#1$aФогель$bЭ.$gЭрнст
-- 701#1$aЛауберт$bЮ.К.
-- 899##$aNLR$j38.58.3.22
-- 899##$aRuMoRGB$jU 84/398
700 #1 - ИМЯ ЛИЦА - ПЕРВИЧНАЯ ОТВЕТСТВЕННОСТЬ
Начальный элемент ввода Фогель
Часть имени, кроме начального элемента ввода Э.
Расширение инициалов личного имени Эрнст
702 #1 - ИМЯ ЛИЦА - ВТОРИЧНАЯ ОТВЕТСТВЕННОСТЬ
Начальный элемент ввода Ганнеке
Часть имени, кроме начального элемента ввода П.
Код отношения Прочие
702 #1 - ИМЯ ЛИЦА - ВТОРИЧНАЯ ОТВЕТСТВЕННОСТЬ
Начальный элемент ввода Лауберт
Часть имени, кроме начального элемента ввода Ю. К.
Код отношения Редактор
801 #0 - ИСТОЧНИК ЗАПИСИ
Страна Российская Федерация
Организация NLR
Правила каталогизации psbo
801 #0 - ИСТОЧНИК ЗАПИСИ
Страна Российская Федерация
Организация RuMoRGB
Источник данных psbo
801 #1 - ИСТОЧНИК ЗАПИСИ
Страна Российская Федерация
Организация ProSoft-M
Источник данных rusmarc
852 ## - МЕСТОНАХОЖДЕНИЕ И ШИФР ХРАНЕНИЯ
Идентификатор организации NLR
Шифр хранения (Call Number) 38.58.3.22
899 ## - ДАННЫЕ О МЕСТОНАХОЖДЕНИИ (устаревшее)
Местонахождение RuMoRGB
Шифр хранения U 84/398
942 ## - ДОПОЛНИТЕЛЬНЫЕ ЭЛЕМЕНТЫ ЗАПИСИ (АБИС)
Тип экземпляра АБИС Книга
980 ## - КОЛЛЕКЦИЯ
Название коллекции Национальная библиография
Экземпляры
Тип экземпляра Дата поступления Библиотека постоянного хранения Библиотека текущего хранения Место хранения Шифр хранения Штрих-код Статус экземпляра
Книга 26.10.2013 РНБ (Садовая) РНБ (Садовая) Русский книжный фонд -Главное здание, Ленинский читальный зал 38.58.3.22 5001540-10